El Seseo En El Nuevo Reino de Granada 1550 - 1650 (Record no. 12414)

MARC details
000 -LEADER
campo de control de longitud fija 00776cac a2200241 a 4500
003 - IDENTIFICADOR DE NÚMERO DE CONTROL
campo de control Co-PeBPM
005 - FECHA Y HORA DE LA ÚLTIMA TRANSACCIÓN
campo de control 20250518194638.0
008 - DATOS DE LONGITUD FIJA--INFORMACIÓN GENERAL
campo de control de longitud fija 231129e1969||||xx |||||||||||||| ||spa||
040 ## - FUENTE DE CATALOGACIÓN
Centro catalogador/agencia de origen Co-PeBPM
Lengua de catalogación spa
Centro/agencia transcriptor Co-PeBPM
Normas de descripción rda
041 ## - CÓDIGO DE IDIOMA
Código de lengua del texto/banda sonora o título independiente spa
082 04 - NÚMERO DE LA CLASIFICACIÓN DECIMAL DEWEY
Número de clasificación 418 C664s
Número de edición 22
100 1# - ENTRADA PRINCIPAL--NOMBRE DE PERSONA
Nombre de persona Cock Hincapié, Olga
Término indicativo de función/relación Autor
245 10 - MENCIÓN DEL TÍTULO
Título El Seseo En El Nuevo Reino de Granada 1550 - 1650
Mención de responsabilidad, etc. /Olga Cock Hincapié
260 ## - PUBLICACIÓN, DISTRIBUCIÓN, ETC.
Lugar de publicación, distribución, etc. Bogotá, Colombia
Nombre del editor, distribuidor, etc. :Instituto Caro y Cuervo
Fecha de publicación, distribución, etc. ,1969
300 ## - DESCRIPCIÓN FÍSICA
Extensión 170 Páginas
Dimensiones ;23 Centímetros
500 ## - NOTA GENERAL
Nota general Incluye Índice General y De Nombres.
650 14 - PUNTO DE ACCESO ADICIONAL DE MATERIA--TÉRMINO DE MATERIA
Fuente del encabezamiento o término LEMB
Término de materia o nombre geográfico como elemento de entrada Autores Americanos
650 14 - PUNTO DE ACCESO ADICIONAL DE MATERIA--TÉRMINO DE MATERIA
Fuente del encabezamiento o término LEMB
Término de materia o nombre geográfico como elemento de entrada Autores Españoles
650 14 - PUNTO DE ACCESO ADICIONAL DE MATERIA--TÉRMINO DE MATERIA
Fuente del encabezamiento o término LEMB
Término de materia o nombre geográfico como elemento de entrada Español
650 14 - PUNTO DE ACCESO ADICIONAL DE MATERIA--TÉRMINO DE MATERIA
Fuente del encabezamiento o término LEMB
Término de materia o nombre geográfico como elemento de entrada Pronunciación
700 ## - ENTRADA AGREGADA--NOMBRE PERSONAL
Nombre de persona Guitarte, Guillermo L
Término indicativo de función/relación Prólogo
942 ## - ELEMENTOS DE ENTRADA SECUNDARIOS (KOHA)
Fuente del sistema de clasificación o colocación Clasificación Decimal Dewey
Tipo de ítem Koha Libros
Holdings
Estatus retirado Estado de pérdida Fuente del sistema de clasificación o colocación Estado de daño No para préstamo Colección Biblioteca de origen Biblioteca actual Ubicación en estantería Fecha de adquisición Total de préstamos Signatura topográfica completa Código de barras Visto por última vez Copia número Precio de reemplazo Tipo de ítem Koha
    Clasificación Decimal Dewey     General BIBLIOTECA PÚBLICA MUNICIPAL RAMON CORREA MEJIA BIBLIOTECA PÚBLICA MUNICIPAL RAMON CORREA MEJIA Colección general 09/07/2009   418 C664s 11535 29/11/2023 Ej.1 29/11/2023 Libros

Powered by Koha